Soccer/Football - Barcelona 1st XI - Statistics

General Stats
  • This quiz has been taken 168 times
  • The average score is 9 of 15
Answer Stats
Hint Answer % Correct
RW Messi
94%
GK Ter Stegen
89%
CB Pique
85%
ST Suarez
85%
CDM Busquets
83%
LB Alba
77%
LW Dembele
67%
RB Roberto
64%
CM Rakitic
62%
CB Umtiti
62%
CB (Sub) Lenglet
48%
CDM Vidal
40%
GK (Sub) Cillessen
39%
CM (Sub) Arthur
27%
RW (Sub) Malcom
23%
No matching quizzes found
Score Distribution
Percent of People with Each Score
Percentile by Number Answered
Your Score History
You have not taken this quiz